Famous French Historical Figures #1 - Statistics

General Stats
  • This quiz has been taken 80 times
  • The average score is 9 of 16
Answer Stats
Picture Answer % Correct
Louis XIV
97%
Charles De Gaulle
95%
Joan of Arc
95%
Napoleon Bonaparte
88%
Maximilien Robespierre
77%
Voltaire
70%
Maréchal Philippe Pétain
64%
Victor Hugo
58%
Clovis
51%
Gilbert du Motier de la Fayette
38%
Georges Clemenceau
37%
Jean Moulin
36%
Molière
36%
Henri IV
33%
Léon Blum
14%
Michel Debré
7%
No matching quizzes found
Score Distribution
Percent of People with Each Score
Percentile by Number Answered
Your Score History
You have not taken this quiz